Atlas Learning centered communication Levels 1&2
Gespeichert in:
| 1. Verfasser: | |
|---|---|
| Format: | Buch |
| Sprache: | Undetermined |
| Veröffentlicht: |
Boston, MA
Heinle &Heinle
1996
|
| Online Zugang: | http://lrc.tdmu.edu.vn/opac/search/detail.asp?aID=2&ID=7390 |
| Tags: |
Tag hinzufügen
Keine Tags, Fügen Sie den ersten Tag hinzu!
|
| Thư viện lưu trữ: | Trung tâm Học liệu Trường Đại học Thủ Dầu Một |
|---|
| LEADER | 00606nam a2200217Ia 4500 | ||
|---|---|---|---|
| 001 | TDMU_7390 | ||
| 008 | 210410s9999 xx 000 0 und d | ||
| 082 | |a 428.076 | ||
| 090 | |b N512 | ||
| 100 | |a Nunan, David | ||
| 245 | 0 | |a Atlas | |
| 245 | 0 | |b Learning centered communication | |
| 245 | 0 | |c David Nunan | |
| 245 | 0 | |n Levels 1&2 | |
| 245 | 0 | |p Testing package | |
| 260 | |a Boston, MA | ||
| 260 | |b Heinle &Heinle | ||
| 260 | |c 1996 | ||
| 300 | |a vii, 160 p. | ||
| 856 | |u http://lrc.tdmu.edu.vn/opac/search/detail.asp?aID=2&ID=7390 | ||
| 980 | |a Trung tâm Học liệu Trường Đại học Thủ Dầu Một | ||